[Event "1st FIDE OWCCCC Pools-East 2021"]
[Site "Online"]
[Date "2021.02.20"]
[Round "5.4"]
[White "Komiagina, Maria"]
[Black "Drzewiecki, Sebastian"]
[Result "1-0"]
[WhiteElo "2241"]
[BlackElo "1325"]
[Annotator "NA"]
[PlyCount "61"]
[EventDate "2021.02.19"]
[EventType "team-tourn"]
[EventCountry "NET"]
[SourceTitle "playchess.com"]
[Source "ChessBase"]
[SourceQuality "1"]

1. e4 c5 2. Nf3 d6 3. d4 cxd4 4. Nxd4 Nf6 5. Nc3 g6 6. Be3 Bg7 7. f3 O-O 8. Qd2 Nc6 9. Bc4 a6 10. Bb3 Nd7 11. O-O-O Nc5 12. Nxc6 Nxb3+ 13. axb3 bxc6 14. h4 a5 15. h5 gxh5 16. Bh6 f6 17. Bxg7 Kxg7 18. Rxh5 Rh8 19. Qh6+ Kg8 20. g4 Qf8 21. Qe3 c5 22. g5 Qf7 23. Rdh1 fxg5 24. Rxg5+ Kf8 25. Nd5 Rb8 26. Rhg1 Ke8 27. Rg7 Qf8 28. Rxe7+ Kd8 29. Qc3 Rg8 30. Qxa5+ Rb6 31. Qxb6# 1-0

[Event "1st FIDE OWCCCC Pools-East 2021"]
[Site "Online"]
[Date "2021.02.20"]
[Round "5.4"]
[White "Iljushina, Olga"]
[Black "Nanjo, Ryosuke"]
[Result "0-1"]
[WhiteElo "2132"]
[BlackElo "2338"]
[Annotator "NA"]
[PlyCount "112"]
[EventDate "2021.02.19"]
[EventType "team-tourn"]
[EventCountry "NET"]
[SourceTitle "playchess.com"]
[Source "ChessBase"]
[SourceQuality "1"]

1. d4 d6 2. c4 e5 3. Nf3 e4 4. Nfd2 f5 5. e3 Nf6 6. b4 c6 7. Bb2 d5 8. c5 Be7 9. a4 O-O 10. Nc3 Qe8 11. Qb3 Ng4 12. Be2 f4 13. Ndxe4 fxe3 14. f3 Nf6 15. Ng3 Nh5 16. Nxd5 Be6 17. Nxe7+ Qxe7 18. Bc4 Nf4 19. Bxe6+ Qxe6 20. Qxe6+ Nxe6 21. Ne2 Na6 22. Bc3 Nac7 23. O-O Nd5 24. Rfc1 Rad8 25. b5 g5 26. bxc6 bxc6 27. Ba5 Rd7 28. Rab1 Ndf4 29. Nxf4 Nxf4 30. Re1 Re8 31. Bc3 Nd5 32. Rb3 Kf7 33. g3 Kg6 34. Kg2 h5 35. Re2 h4 36. Bb2 Rh7 37. Bc1 h3+ 38. Kg1 Rhe7 39. Kf1 Kf5 40. Kg1 g4 41. fxg4+ Kxg4 42. Re1 a5 43. Re2 Kf3 44. Re1 Kg4 45. Re2 Re4 46. Rd3 R8e7 47. Bb2 Rb7 48. Rd1 Kf3 49. Ree1 Rxb2 50. Rf1+ Rf2 51. Rfe1 Rg2+ 52. Kh1 Kg4 53. Rf1 e2 54. Rfe1 exd1=Q 55. Rxd1 Rge2 56. Rf1 Re1 0-1

[Event "1st FIDE OWCCCC Pools-East 2021"]
[Site "Online"]
[Date "2021.02.20"]
[Round "5.4"]
[White "Munkhzul, Davaakhuu"]
[Black "Dekker, Derk"]
[Result "1-0"]
[WhiteElo "1991"]
[BlackElo "1907"]
[Annotator "NA"]
[PlyCount "87"]
[EventDate "2021.02.19"]
[EventType "team-tourn"]
[EventCountry "NET"]
[SourceTitle "playchess.com"]
[Source "ChessBase"]
[SourceQuality "1"]

1. e4 e5 2. Nf3 Nc6 3. Bb5 a6 4. Ba4 Nf6 5. O-O Be7 6. Re1 b5 7. Bb3 O-O 8. h3 d6 9. c3 Na5 10. Bc2 c5 11. d4 cxd4 12. cxd4 Qc7 13. Nbd2 Bb7 14. Nf1 Rac8 15. Bb1 Rfe8 16. Ng3 g6 17. Bg5 Nc4 18. Qe2 Kg7 19. Bd3 h6 20. Bxf6+ Bxf6 21. b3 Nb6 22. d5 Qd7 23. Qe3 Qd8 24. Rad1 Re7 25. Bb1 Na8 26. Ne2 Qb6 27. Qd2 Rec7 28. Rc1 a5 29. Bd3 Ba6 30. b4 a4 31. Nc3 Kh7 32. Rc2 Kg7 33. Rec1 Kh7 34. Qe2 Rb8 35. a3 Rcc8 36. Nxa4 Rxc2 37. Rxc2 bxa4 38. Bxa6 Nc7 39. Rc6 Qa7 40. Bd3 Be7 41. Qc2 Ne8 42. Ra6 Qb7 43. Qxa4 Rc8 44. Ra7 1-0

[Event "1st FIDE OWCCCC Pools-East 2021"]
[Site "Online"]
[Date "2021.02.20"]
[Round "5.4"]
[White "Khallouf, Anas"]
[Black "Homiakova, Elena"]
[Result "0-1"]
[WhiteElo "1664"]
[BlackElo "2113"]
[Annotator "NA"]
[PlyCount "98"]
[EventDate "2021.02.19"]
[EventType "team-tourn"]
[EventCountry "NET"]
[SourceTitle "playchess.com"]
[Source "ChessBase"]
[SourceQuality "1"]

1. d4 Nf6 2. Nf3 c5 3. c3 g6 4. Bf4 Bg7 5. e3 O-O 6. Be2 cxd4 7. exd4 d5 8. O-O Nc6 9. Nbd2 a5 10. a4 Qb6 11. Qb3 Qxb3 12. Nxb3 Ne4 13. Rfe1 h6 14. h3 Be6 15. Bd3 f5 16. Re2 Bf7 17. Rae1 Rac8 18. Ne5 Nxe5 19. Bxe5 Bxe5 20. dxe5 Be8 21. f3 Nc5 22. Nxc5 Rxc5 23. Ra1 Bd7 24. e6 Bc8 25. Re5 Rf6 26. Rae1 b6 27. Bb5 Rf8 28. Rd1 Rd8 29. Re3 Rd6 30. Rde1 Kg7 31. b4 Rc7 32. Kf2 Kf6 33. Ke2 Rxe6 34. Kd2 Rxe3 35. Rxe3 e5 36. Kd3 f4 37. Re2 Bf5+ 38. Kd2 e4 39. fxe4 dxe4 40. bxa5 bxa5 41. c4 e3+ 42. Kc3 Ke5 43. g3 g5 44. Be8 Ke4 45. gxf4 gxf4 46. h4 f3 47. Re1 f2 48. Rd1 e2 49. Rd4+ Ke3 0-1

[Event "1st FIDE OWCCCC Pools-East 2021"]
[Site "Online"]
[Date "2021.02.20"]
[Round "5.5"]
[White "Smirin, Ilia"]
[Black "Roseneck, Jonas"]
[Result "1-0"]
[WhiteElo "2614"]
[BlackElo "2401"]
[Annotator "TA"]
[PlyCount "39"]
[EventDate "2021.02.19"]
[EventType "team-tourn"]
[EventCountry "NET"]
[SourceTitle "playchess.com"]
[Source "ChessBase"]
[SourceQuality "1"]

1. e4 c5 2. Nf3 d6 3. d4 cxd4 4. Nxd4 Nf6 5. Nc3 Nc6 6. Bg5 e6 7. Qd2 a6 8. O-O-O Bd7 9. f3 Nxd4 10. Qxd4 Be7 11. h4 b5 12. Kb1 Qc7 13. Qd2 b4 14. Ne2 a5 15. c4 bxc3 16. Nxc3 O-O 17. e5 Nd5 18. Bxe7 dxe5 19. Nxd5 exd5 20. Bxf8 1-0

[Event "1st FIDE OWCCCC Pools-East 2021"]
[Site "Online"]
[Date "2021.02.20"]
[Round "5.5"]
[White "Rameshbabu, Praggnanandhaa"]
[Black "Kachura, Denis"]
[Result "1-0"]
[WhiteElo "2602"]
[BlackElo "2053"]
[Annotator "TA"]
[PlyCount "91"]
[EventDate "2021.02.19"]
[EventType "team-tourn"]
[EventCountry "NET"]
[SourceTitle "playchess.com"]
[Source "ChessBase"]
[SourceQuality "1"]

1. Nf3 Nf6 2. g3 d5 3. Bg2 c6 4. c4 Bg4 5. cxd5 Bxf3 6. Bxf3 cxd5 7. O-O e6 8. Nc3 Be7 9. d4 O-O 10. e3 Nc6 11. Bd2 Rc8 12. Qe2 a6 13. Rfc1 b5 14. Be1 h6 15. Bg2 Na5 16. Nxd5 exd5 17. Rxc8 Qxc8 18. Bxa5 Qc6 19. Be1 Rc8 20. Bh3 Qc2 21. Qxc2 Rxc2 22. Rb1 g6 23. Bf1 Ne8 24. Bd3 Rc8 25. Kf1 Nd6 26. Ke2 f5 27. Ra1 Nc4 28. Rc1 Kf7 29. b3 Nb6 30. Rxc8 Nxc8 31. a4 Nd6 32. Bb4 bxa4 33. bxa4 Nc8 34. Bxe7 Kxe7 35. Bxa6 Nd6 36. f3 Kd7 37. Kd3 Kc6 38. a5 Kc7 39. Kc3 g5 40. Bd3 Kc6 41. Kb4 g4 42. f4 h5 43. Ka4 Kb7 44. Kb3 Kc7 45. Kb4 Kb7 46. Kc5 1-0

[Event "1st FIDE OWCCCC Pools-East 2021"]
[Site "Online"]
[Date "2021.02.20"]
[Round "5.5"]
[White "Jojua, Davit"]
[Black "Unuk, Laura"]
[Result "1/2-1/2"]
[WhiteElo "2557"]
[BlackElo "2389"]
[Annotator "ChessBase"]
[PlyCount "54"]
[EventDate "2021.02.19"]
[EventType "team-tourn"]
[EventCountry "NET"]
[SourceTitle "playchess.com"]
[Source "ChessBase"]
[SourceQuality "1"]

1. d4 Nf6 2. Nf3 e6 3. Bf4 b6 4. e3 Bb7 5. c3 Be7 6. h3 O-O 7. Bd3 c5 8. Nbd2 d5 9. Qe2 Nbd7 10. Rd1 c4 11. Bb1 b5 12. O-O b4 13. e4 Nxe4 14. Nxe4 dxe4 15. Bxe4 Bxe4 16. Qxe4 bxc3 17. bxc3 Nf6 18. Qc2 Nd5 19. Bd2 Qc7 20. Rb1 Rab8 21. Qa4 Bd6 22. Qc2 h6 23. Rfd1 Qa5 24. Be1 Nf4 25. Bd2 Nd5 26. Be1 Nf4 27. Bd2 Nd5 1/2-1/2

[Event "1st FIDE OWCCCC Pools-East 2021"]
[Site "Online"]
[Date "2021.02.20"]
[Round "5.5"]
[White "Warakomski, Tomasz"]
[Black "Kuklin, Valentin"]
[Result "1-0"]
[WhiteElo "2510"]
[BlackElo "2382"]
[Annotator "ChessBase"]
[PlyCount "77"]
[EventDate "2021.02.19"]
[EventType "team-tourn"]
[EventCountry "NET"]
[SourceTitle "playchess.com"]
[Source "ChessBase"]
[SourceQuality "1"]

1. e4 e6 2. d4 d5 3. Nc3 Nf6 4. Bg5 Bb4 5. e5 h6 6. Bd2 Bxc3 7. bxc3 Ne4 8. Bc1 c5 9. Ne2 Qa5 10. f3 Nxc3 11. Qd2 cxd4 12. Nxd4 Nc6 13. Nb3 Qb4 14. a3 Qh4+ 15. g3 Qh5 16. Qxc3 Qxe5+ 17. Qxe5 Nxe5 18. f4 Ng4 19. Bd3 Bd7 20. Bb2 O-O 21. Ke2 Rac8 22. a4 Rc7 23. Bd4 a6 24. h3 Nf6 25. Be5 Rcc8 26. Rhb1 Ne4 27. Bxe4 dxe4 28. c3 f6 29. Bd4 e5 30. fxe5 fxe5 31. Bxe5 Bxh3 32. Nd2 e3 33. Rxb7 exd2 34. Rxg7+ Kh8 35. Rh1 Rcd8 36. Re7+ Kg8 37. Bd4 Bg2 38. Rg7+ Kh8 39. Rxh6# 1-0

[Event "1st FIDE OWCCCC Pools-East 2021"]
[Site "Online"]
[Date "2021.02.20"]
[Round "5.6"]
[White "Lapcevic, Milos"]
[Black "Maghalashvili, Davit"]
[Result "0-1"]
[WhiteElo "2371"]
[BlackElo "2456"]
[Annotator "ChessBase"]
[PlyCount "72"]
[EventDate "2021.02.19"]
[EventType "team-tourn"]
[EventCountry "NET"]
[SourceTitle "playchess.com"]
[Source "ChessBase"]
[SourceQuality "1"]

1. d4 Nf6 2. c4 c5 3. d5 g6 4. Nc3 Bg7 5. e4 O-O 6. Be2 d6 7. Bg5 a6 8. Nf3 b5 9. cxb5 axb5 10. Bxb5 Nxe4 11. Nxe4 Qa5+ 12. Nc3 Bxc3+ 13. bxc3 Qxb5 14. Qe2 Qxe2+ 15. Kxe2 Ba6+ 16. Kd1 f6 17. Bh6 Re8 18. Nd2 Nd7 19. Rb1 Ne5 20. h4 Bd3 21. Rb2 Ra3 22. Rh3 Bf5 23. Rg3 Nd3 24. Rb7 Rxa2 25. Ke2 Ne5 26. Bf4 Nc4 27. Bh6 g5 28. hxg5 Rxd2+ 29. Ke1 Rd3 30. gxf6+ Rxg3 31. fxg3 Kf7 32. Bg5 Kg6 33. Rxe7 Rxe7+ 34. fxe7 Kf7 35. Ke2 Be4 36. g4 Bxg2 0-1

[Event "1st FIDE OWCCCC Pools-East 2021"]
[Site "Online"]
[Date "2021.02.20"]
[Round "5.6"]
[White "Alcaraz Ortega, Javier"]
[Black "Srija, Seshadri"]
[Result "1-0"]
[WhiteElo "2314"]
[BlackElo "2219"]
[Annotator "NA"]
[PlyCount "83"]
[EventDate "2021.02.19"]
[EventType "team-tourn"]
[EventCountry "NET"]
[SourceTitle "playchess.com"]
[Source "ChessBase"]
[SourceQuality "1"]

1. d4 d5 2. Bf4 c5 3. e3 Nc6 4. c3 Qb6 5. Qb3 c4 6. Qc2 Bf5 7. Qc1 e5 8. dxe5 g5 9. Bg3 h5 10. h4 gxh4 11. Rxh4 Nge7 12. Nf3 Ng6 13. Rh1 Bg7 14. Nd4 Nxd4 15. cxd4 h4 16. Bh2 Bxb1 17. Qxb1 Qb4+ 18. Kd1 Rc8 19. a3 Qb6 20. Qc2 O-O 21. g3 Nxe5 22. dxe5 d4 23. exd4 Qxd4+ 24. Ke1 Qxe5+ 25. Be2 Rfe8 26. Rb1 Qd5 27. Rg1 Qd3 28. Rc1 h3 29. Qxd3 cxd3 30. Rxc8 Rxc8 31. Bxd3 Bxb2 32. a4 Bd4 33. Ke2 Rc3 34. Rb1 Ra3 35. Bc2 Rc3 36. Bd1 Ra3 37. Rc1 Kg7 38. Rc4 Ra2+ 39. Bc2 Bb6 40. g4 Ra1 41. Be5+ f6 42. Bxa1 1-0

[Event "1st FIDE OWCCCC Pools-East 2021"]
[Site "Online"]
[Date "2021.02.20"]
[Round "5.6"]
[White "Schuetze, Norman"]
[Black "Gutmakher, Olga"]
[Result "1-0"]
[WhiteElo "2310"]
[BlackElo "2236"]
[Annotator "NA"]
[PlyCount "129"]
[EventDate "2021.02.19"]
[EventType "team-tourn"]
[EventCountry "NET"]
[SourceTitle "playchess.com"]
[Source "ChessBase"]
[SourceQuality "1"]

1. e4 c5 2. Nf3 a6 3. c3 Qa5 4. d4 cxd4 5. b4 Qb6 6. cxd4 Nf6 7. Bd3 Nc6 8. Be3 Nxb4 9. O-O d5 10. exd5 Nbxd5 11. Ne5 e6 12. Nd2 Qd8 13. Ndc4 Be7 14. Bd2 O-O 15. Ba5 Qe8 16. a4 Bd7 17. Nxd7 Nxd7 18. Rb1 Rb8 19. Ne5 g6 20. Nf3 Bd6 21. Re1 Qe7 22. Qd2 Bf4 23. Qb2 Qf6 24. Be4 Bd6 25. Bd2 b5 26. Bg5 Qg7 27. Qd2 Rfc8 28. axb5 axb5 29. Bd3 b4 30. g3 Bf8 31. Ne5 N7f6 32. Bc4 Rb7 33. Bb3 Rbc7 34. Rbc1 Rc3 35. Bxf6 Nxf6 36. Rb1 Qh6 37. Qe2 Qh3 38. Nxf7 Rxb3 39. Ng5 Qf5 40. Rxb3 Rc2 41. Qxe6+ Qxe6 42. Nxe6 Bd6 43. Ng5 Nd5 44. Re8+ Kg7 45. Rd8 Be7 46. Rxd5 Bf6 47. Ne4 Be7 48. Rd7 Kf8 49. Rxe7 Kxe7 50. Rxb4 Ke6 51. Ng5+ Kf5 52. Nxh7 Ke4 53. h4 Kf3 54. Rb3+ Kg4 55. Kg2 g5 56. Nxg5 Rd2 57. Rb4 Kh5 58. Kf3 Rd3+ 59. Ke4 Rd1 60. Nf3 Kg4 61. d5 Ra1 62. Rd4 Ra8 63. d6 Re8+ 64. Kd5+ Kxf3 65. d7 1-0

[Event "1st FIDE OWCCCC Pools-East 2021"]
[Site "Online"]
[Date "2021.02.20"]
[Round "5.6"]
[White "Petrov, Victor"]
[Black "Antony, R.."]
[Result "0-1"]
[WhiteElo "2140"]
[BlackElo "2059"]
[Annotator "NA"]
[PlyCount "62"]
[EventDate "2021.02.19"]
[EventType "team-tourn"]
[EventCountry "NET"]
[SourceTitle "playchess.com"]
[Source "ChessBase"]
[SourceQuality "1"]

1. e4 c5 2. Nc3 Nc6 3. f4 e6 4. Nf3 b6 5. d3 d5 6. g4 dxe4 7. Nxe4 Nf6 8. Nf2 Bd6 9. Bg2 Bb7 10. O-O O-O 11. g5 Nd5 12. Nh3 Qc7 13. Qd2 Rad8 14. a3 Nd4 15. Qf2 Nxf4 16. Nxf4 Bxf3 17. Bxf3 Bxf4 18. Bh5 Bxc1 19. Raxc1 Rd5 20. h4 Rf5 21. Qg2 Qe5 22. Rce1 Rxf1+ 23. Rxf1 Qe3+ 24. Kh1 Nf5 25. Rf3 Qe1+ 26. Kh2 Nxh4 27. Bxf7+ Rxf7 28. Rxf7 Nxg2 29. Rxa7 Nf4 30. Rb7 Qf2+ 31. Kh1 Qg2# 0-1

[Event "1st FIDE OWCCCC Pools-East 2021"]
[Site "Online"]
[Date "2021.02.20"]
[Round "5.6"]
[White "VesnaMisanovic"]
[Black "Janik, Igor"]
[Result "0-1"]
[WhiteElo "2120"]
[BlackElo "2495"]
[Annotator "TA"]
[PlyCount "134"]
[EventDate "2021.02.19"]
[EventType "team-tourn"]
[EventCountry "NET"]
[SourceTitle "playchess.com"]
[Source "ChessBase"]
[SourceQuality "1"]

1. d4 Nf6 2. c4 e6 3. Nc3 Bb4 4. Bg5 h6 5. Bh4 b6 6. f3 g5 7. Bf2 Nc6 8. e3 e5 9. Bd3 Qe7 10. Nge2 Bxc3+ 11. bxc3 e4 12. Bc2 Na5 13. Bb3 Ba6 14. Ng3 O-O-O 15. c5 d5 16. cxd6 cxd6 17. fxe4 Rhe8 18. Qf3 Bb7 19. d5 Nxe4 20. O-O Nd2 21. Qf5+ Kb8 22. Rfd1 Ndxb3 23. axb3 Nxb3 24. Ra3 Nc5 25. Rda1 a6 26. c4 Qe5 27. Qb1 Kc7 28. e4 h5 29. Rf3 Rd7 30. Rf5 Qc3 31. Nxh5 Nxe4 32. Bxb6+ Kc8 33. Rf3 Qxc4 34. Qb2 Qxd5 35. Ba7 Rc7 36. Rc1 Rxc1+ 37. Qxc1+ Qc6 38. Qxc6+ Bxc6 39. Rxf7 Nc3 40. h3 Re1+ 41. Kh2 Re2 42. Rf2 a5 43. Rxe2 Nxe2 44. Ng3 Nf4 45. Nf1 a4 46. Nd2 Nxg2 47. Bd4 a3 48. Kg3 a2 49. Kg4 Nf4 50. Kxg5 Nxh3+ 51. Kf6 Kd7 52. Nb3 Bd5 53. Na5 Nf2 54. Kf5 Nd3 55. Kg4 Nb4 56. Kf4 Nc2 57. Bc3 a1=Q 58. Bxa1 Nxa1 59. Ke3 Nb3 60. Kd3 Nxa5 61. Kd4 Ke6 62. Kd3 Nc6 63. Ke3 Ke5 64. Kd3 Be6 65. Ke3 d5 66. Kd3 d4 67. Kd2 Ke4 0-1

[Event "1st FIDE OWCCCC Pools-East 2021"]
[Site "Online"]
[Date "2021.02.20"]
[Round "5.6"]
[White "Bottino, Alexiei"]
[Black "Golovchenko, Gleb"]
[Result "0-1"]
[WhiteElo "2008"]
[BlackElo "2260"]
[Annotator "NA"]
[PlyCount "68"]
[EventDate "2021.02.19"]
[EventType "team-tourn"]
[EventCountry "NET"]
[SourceTitle "playchess.com"]
[Source "ChessBase"]
[SourceQuality "1"]

1. e4 c5 2. Nc3 Nc6 3. Bb5 d6 4. Bxc6+ bxc6 5. d3 g6 6. f4 Bg7 7. Nf3 Nf6 8. O-O O-O 9. h3 Ba6 10. Re1 Rb8 11. Rb1 c4 12. d4 Qc7 13. Be3 Nd7 14. e5 Nb6 15. Qd2 Nd5 16. Nxd5 cxd5 17. c3 Rb6 18. exd6 exd6 19. f5 Bc8 20. g4 gxf5 21. Bh6 f6 22. Kh1 fxg4 23. hxg4 Bxh6 24. Qxh6 Qg7 25. Qxg7+ Kxg7 26. Re7+ Rf7 27. Rxf7+ Kxf7 28. g5 Bf5 29. Rf1 Be4 30. Kg2 Rxb2+ 31. Kg3 f5 32. Nh4 Ke6 33. g6 hxg6 34. Nxg6 Rg2+ 0-1

[Event "1st FIDE OWCCCC Pools-East 2021"]
[Site "Online"]
[Date "2021.02.20"]
[Round "5.7"]
[White "Reza, Wojciech"]
[Black "Bluvshtein, Mark"]
[Result "1-0"]
[WhiteElo "2304"]
[BlackElo "2590"]
[Annotator "ChessBase"]
[PlyCount "47"]
[EventDate "2021.02.19"]
[EventType "team-tourn"]
[EventCountry "NET"]
[SourceTitle "playchess.com"]
[Source "ChessBase"]
[SourceQuality "1"]

1. e4 g6 2. d4 Bg7 3. Nc3 d6 4. Be3 Nc6 5. Qd2 e5 6. Nge2 f5 7. exf5 Bxf5 8. d5 Nce7 9. Ng3 Nf6 10. Be2 O-O 11. O-O c6 12. Bc4 Kh8 13. Bg5 b5 14. Bb3 b4 15. Bxf6 Bxf6 16. Nce4 cxd5 17. Bxd5 Rb8 18. Rad1 Qc7 19. Bb3 d5 20. Bxd5 Rbd8 21. Qxb4 Nxd5 22. Rxd5 Be7 23. Qa5 Rxd5 24. Qxc7 1-0

[Event "1st FIDE OWCCCC Pools-East 2021"]
[Site "Online"]
[Date "2021.02.20"]
[Round "5.7"]
[White "Jagadish, H.d."]
[Black "Pardo Simon, David"]
[Result "0-1"]
[WhiteElo "2104"]
[BlackElo "2461"]
[Annotator "ChessBase"]
[PlyCount "130"]
[EventDate "2021.02.19"]
[EventType "team-tourn"]
[EventCountry "NET"]
[SourceTitle "playchess.com"]
[Source "ChessBase"]
[SourceQuality "1"]

1. e4 e5 2. Bc4 Nf6 3. Qe2 Nc6 4. c3 Bc5 5. Nf3 O-O 6. b4 Bb6 7. d3 d5 8. Bb3 h6 9. O-O dxe4 10. dxe4 Bg4 11. Ba3 Re8 12. Nbd2 a6 13. Rad1 Qc8 14. Nc4 Ba7 15. Ne3 Nxe4 16. Bxf7+ Kh8 17. Bxe8 Nxc3 18. Qc4 Bxf3 19. Bd7 Qf8 20. Bxc6 Nxd1 21. Bxf3 Nxe3 22. fxe3 Bxe3+ 23. Kh1 Rd8 24. Qe4 Bd4 25. Be2 Qe7 26. Bd3 g5 27. Qg6 Qg7 28. Qh5 Rf8 29. Rxf8+ Qxf8 30. Qf3 Qxf3 31. gxf3 Kg7 32. b5 axb5 33. Bxb5 c6 34. Bd3 Kf6 35. Kg2 b6 36. Be4 c5 37. Kf1 h5 38. Ke2 g4 39. Kd3 Bg1 40. fxg4 hxg4 41. Bc1 Bxh2 42. Be3 Bf4 43. Bg1 Bc1 44. a4 Kg5 45. Be3+ Bxe3 46. Kxe3 c4 47. Bd5 c3 48. Kd3 Kf4 49. Bc6 g3 50. Kxc3 Ke3 51. Kc4 e4 52. Kb5 g2 53. Kxb6 g1=Q 54. a5 Qb1+ 55. Bb5 Kd4 56. a6 e3 57. a7 Qg6+ 58. Bc6 Qg8 59. Bb5 Ke5 60. Kb7 Qf7+ 61. Kb8 Qf8+ 62. Kb7 Qe7+ 63. Ka6 Qd8 64. Kb7 Qe7+ 65. Kb8 Kd6 0-1

[Event "1st FIDE OWCCCC Pools-East 2021"]
[Site "Online"]
[Date "2021.02.20"]
[Round "5.7"]
[White "NanaTsikara"]
[Black "Vymazal, Bronislav"]
[Result "0-1"]
[WhiteElo "1845"]
[BlackElo "2350"]
[Annotator "NA"]
[PlyCount "74"]
[EventDate "2021.02.19"]
[EventType "team-tourn"]
[EventCountry "NET"]
[SourceTitle "playchess.com"]
[Source "ChessBase"]
[SourceQuality "1"]

1. e4 c5 2. Nf3 Nc6 3. d4 cxd4 4. Nxd4 e6 5. Be3 Nf6 6. f3 d5 7. Nxc6 bxc6 8. e5 Nd7 9. f4 Rb8 10. Nd2 c5 11. Nb3 c4 12. Nd4 Rxb2 13. Be2 Qc7 14. O-O Bc5 15. Qd2 O-O 16. Kh1 Bb4 17. Qc1 Ba3 18. Nb5 Rxb5 19. Qxa3 Nc5 20. Bd4 Bd7 21. Qh3 Rfb8 22. a4 Ra5 23. Bxc5 Qxc5 24. Bh5 g6 25. Bg4 Rxa4 26. Rad1 Ra3 27. Qh6 Qf8 28. Qg5 Rb2 29. h4 Rxc2 30. h5 Raa2 31. Bf3 Rcb2 32. hxg6 fxg6 33. Kh2 c3 34. Rh1 Rb4 35. Kg3 Raa4 36. Rh6 Qxf4+ 37. Qxf4 Rxf4 0-1

[Event "1st FIDE OWCCCC Pools-East 2021"]
[Site "Online"]
[Date "2021.02.20"]
[Round "5.7"]
[White "Slav, Moshe"]
[Black "Mertens, Fridolin"]
[Result "0-1"]
[WhiteElo "1807"]
[BlackElo "2143"]
[Annotator "NA"]
[PlyCount "136"]
[EventDate "2021.02.19"]
[EventType "team-tourn"]
[EventCountry "NET"]
[SourceTitle "playchess.com"]
[Source "ChessBase"]
[SourceQuality "1"]

1. e4 c5 2. Nf3 d6 3. d4 cxd4 4. Nxd4 Nf6 5. Nc3 a6 6. Be3 Ng4 7. Bg5 h6 8. Bh4 g5 9. Bg3 Bg7 10. Be2 Nf6 11. O-O Nc6 12. Nf5 Bxf5 13. exf5 h5 14. h4 g4 15. Re1 O-O 16. f3 Qb6+ 17. Kh1 Qxb2 18. Qd2 Qb4 19. Rab1 Qa5 20. Qe3 Qxf5 21. Bd3 Qa5 22. Ne4 Nd5 23. Qg5 Nc3 24. Qxa5 Nxa5 25. Nxc3 Bxc3 26. Rxe7 Rfe8 27. Bxd6 Rxe7 28. Bxe7 Re8 29. Bg5 f6 30. Bf4 Be1 31. fxg4 hxg4 32. g3 Kg7 33. Bc7 Re7 34. Bd6 Re6 35. Bc7 Re7 36. Bf4 b5 37. Kg2 Nc4 38. Kf1 Bc3 39. Bf5 Be5 40. Re1 Kf7 41. Bxg4 Bxf4 42. Rxe7+ Kxe7 43. gxf4 Ne3+ 44. Ke2 Nxg4 45. Kf3 f5 46. Ke2 Kd6 47. Kd3 Kd5 48. Kc3 Kc5 49. Kd3 b4 50. c3 a5 51. cxb4+ axb4 52. h5 Kd5 53. Kd2 Kd4 54. Kc2 Kc4 55. Kb2 Nh6 56. Kc2 Nf7 57. Kb2 Kd4 58. Kb3 Ke4 59. Kxb4 Kxf4 60. a4 Kg5 61. h6 Kxh6 62. Kc5 Nd8 63. Kd4 Kg5 64. Ke3 Kg4 65. Kf2 Kf4 66. a5 Nc6 67. a6 Na7 68. Kf1 Kf3 0-1

[Event "1st FIDE OWCCCC Pools-East 2021"]
[Site "Online"]
[Date "2021.02.20"]
[Round "5.7"]
[White "Sudhir, Elias"]
[Black "x1ffe"]
[Result "0-1"]
[WhiteElo "1682"]
[BlackElo "1405"]
[Annotator "NA RC"]
[PlyCount "150"]
[EventDate "2021.02.19"]
[EventType "team-tourn"]
[EventCountry "NET"]
[SourceTitle "playchess.com"]
[Source "ChessBase"]
[SourceQuality "1"]

1. d4 Nf6 2. c4 e6 3. Nc3 Bb4 4. Qc2 c5 5. e3 O-O 6. Nf3 d5 7. a3 Bxc3+ 8. bxc3 Qc7 9. Bd3 h6 10. O-O b6 11. Bb2 Bb7 12. cxd5 c4 13. d6 Qc6 14. Be2 Nbd7 15. Ne1 b5 16. Bf3 Qb6 17. Bxb7 Qxb7 18. a4 Rfb8 19. Ba3 a5 20. axb5 Qxb5 21. Nf3 Qb3 22. Rfc1 Qxc2 23. Rxc2 Rb3 24. Nd2 Rc8 25. Nxb3 cxb3 26. Rcc1 a4 27. f3 Nd5 28. Kf2 N5b6 29. Rab1 Nc4 30. Bb4 b2 31. Rc2 a3 32. Bxa3 Nxa3 33. Rbxb2 Nxc2 34. Rxc2 Rc6 35. c4 Rxd6 36. c5 Rc6 37. Rb2 Kf8 38. Ke2 Ke7 39. Kd3 f5 40. Rb5 g5 41. e4 fxe4+ 42. fxe4 Ra6 43. d5 Ra3+ 44. Ke2 Rc3 45. c6 Ne5 46. Rb7+ Kd6 47. Rh7 Ng4 48. h3 Nf6 49. Rxh6 Nxe4 50. dxe6 Ng3+ 51. Kf2 Nf5 52. Rf6 Ne7 53. Rf7 Rxc6 54. Rg7 Rc5 55. g3 Kxe6 56. h4 Kf6 57. Rh7 Ng6 58. hxg5+ Kxg5 59. Rd7 Ne5 60. Rg7+ Kf5 61. Ra7 Ke4 62. Ra4+ Kf5 63. Ra7 Rc2+ 64. Ke3 Rc3+ 65. Kd4 Rxg3 66. Ra6 Rd3+ 67. Kc5 Nd7+ 68. Kc4 Rd2 69. Ra5+ Ne5+ 70. Kc3 Re2 71. Kd4 Kf6 72. Ra6+ Kf5 73. Ra5 Kf4 74. Ra4 Re4+ 75. Kd5 Rxa4 0-1

[Event "1st FIDE OWCCCC Pools-East 2021"]
[Site "Online"]
[Date "2021.02.20"]
[Round "5.8"]
[White "Obolentseva, Alexandra"]
[Black "Rajkumar, Preethi"]
[Result "1/2-1/2"]
[WhiteElo "2297"]
[BlackElo "1570"]
[Annotator "TA"]
[PlyCount "151"]
[EventDate "2021.02.19"]
[EventType "team-tourn"]
[EventCountry "NET"]
[SourceTitle "playchess.com"]
[Source "ChessBase"]
[SourceQuality "1"]

1. d4 Nf6 2. c4 e6 3. Nc3 Bb4 4. Qc2 O-O 5. Nf3 d5 6. a3 Bxc3+ 7. Qxc3 Ne4 8. Qc2 f5 9. h4 h6 10. Bf4 c6 11. e3 Nd7 12. Ne5 Ndf6 13. f3 Nd6 14. c5 Nf7 15. Ng6 Re8 16. Bd3 Nh5 17. O-O-O Nxf4 18. exf4 Qf6 19. Ne5 Re7 20. Kb1 Nxe5 21. fxe5 Qf8 22. g4 Bd7 23. g5 Be8 24. Rdg1 Kh7 25. f4 h5 26. g6+ Bxg6 27. Qg2 Be8 28. Rh3 g6 29. Rg3 Qh6 30. Rg5 Bf7 31. b4 b6 32. Qc2 b5 33. Kc1 a5 34. bxa5 Rxa5 35. Kb2 Rea7 36. Ra1 Qf8 37. Be2 Ra4 38. Qd2 b4 39. Rg3 Qb8 40. Rb3 bxa3+ 41. Raxa3 Qa8 42. Qc3 Rxa3 43. Rxa3 Rxa3 44. Qxa3 Qb7+ 45. Qb3 Qa7 46. Qb4 Be8 47. Bd3 Bd7 48. Qa3 Qb7+ 49. Kc3 Kg7 50. Qa5 Kf7 51. Qb6 Qxb6 52. cxb6 Bc8 53. Kb4 Ke7 54. Kc5 Kd7 55. Bc2 Bb7 56. Ba4 Ba8 57. Kb4 Kc8 58. Ka5 Bb7 59. Bd1 Kb8 60. Bc2 Kc8 61. Bd3 Kb8 62. Kb4 Kc8 63. Kc5 Kd7 64. Be2 Bc8 65. Bd1 Bb7 66. Ba4 Ba8 67. b7 Bxb7 68. Kb6 Bc8 69. Bxc6+ Ke7 70. Bb5 Bd7 71. Be2 Be8 72. Kc5 Bf7 73. Kc6 Be8+ 74. Kc5 Bf7 75. Kc6 Be8+ 76. Kc5 1/2-1/2